000 00370nam a2200157Ia 4500
008 230524s9999 xx 000 0 und d
082 _a6.7
_bSKL
100 _aJoel Sklar
245 0 _aPrinciples of Web Design
250 _a5TH
260 _aNEW DELHI
_bThomson Asia
_c2004
300 _aXVI;288
500 _aQuantity Number: 2
650 _aComp-Sc
942 _cBK
999 _c21352
_d21352